00695nam a2200205 a 450000100100000000500170001000800410002702000150006804000250008308200210010810000270012924500970015625000170025326000290027030000210029949000310032050000730035170000340042483000310045800004287920201002040452.0140211s1973 sp 000 0 spa d a8424933958 aDO-SdBNPbspacBNPHU axxxbC568c, 19731 aCicerón, Marco Tulio10aCatilinarias /cMarco Tulio Cicerón ; edición revisada por Francisco Campos Rodríguez. a4ª ed. rev. aMadrid :bGredos,c1973. a133 p. ;c19 cm.1 aTextos clásicos anotados aIncluye referencias bibliográficas y notas al pie de las páginas12aCampos Rodríguez, Francisco 0aTextos clásicos anotados